El siglo XVIII

-д хадгалсан:
Номзүйн дэлгэрэнгүй
Үндсэн зохиолч: Díaz Plaja, Fernando (Зохиогч)
Формат: Ном
Хэл сонгох:испани
Хэвлэсэн: Madrid, España Instituto de Estudios Políticos 1955
Цуврал:La Historia de España en sus Documentos
Нөхцлүүд:
Шошгууд: Шошго нэмэх
Шошго байхгүй, Энэхүү баримтыг шошголох эхний хүн болох!

MARC

LEADER 00000nam a2200000 a 4500
001 UCO0946
003 CL-VaPUC
005 20200416101528.0
008 000428e19550000SP |||||||||||||||||spa|d
999 |c 287582  |d 287580 
040 |c Pontificia Universidad Católica de Valparaíso 
082 0 4 |a 946.054 DIA 1955  |2 21 
100 0 |a Díaz Plaja, Fernando  |e author  |9 442604 
245 1 3 |a El siglo XVIII 
260 |a Madrid, España  |b Instituto de Estudios Políticos  |c 1955 
300 |a 365 páginas 
490 0 |a La Historia de España en sus Documentos 
583 |a last modification  |c 20170518 01:11:14  |k Rodrigo Vera 
600 0 7 |a FELIPE V  |2 CL-VaPUC  |9 394249  |z ESPAÑA 
600 0 7 |a FERNANDO VI  |2 CL-VaPUC  |9 442605  |z ESPAÑA 
600 0 7 |a CARLOS III  |2 CL-VaPUC  |9 318564  |z ESPAÑA 
600 0 7 |a CARLOS IV  |2 CL-VaPUC  |9 318565  |z ESPAÑA 
650 7 |a HISTORIA DE ESPAÑA  |2 CL-VaPUC  |9 322090  |y SIGLO 18 
852 |a BIBCUR 
942 |c BK  |2 ddc 
945 |d 20000428 00:00:00  |a rherrera 
952 |0 0  |1 0  |2 ddc  |4 0  |6 946_054000000000000_DIA_1955  |7 0  |8 A  |9 334498  |a BIBHIS  |b BIBHIS  |d 2019-11-20  |i 1268392  |o 946.054 DIA 1955  |p 1268392  |r 2025-01-20  |t 1  |w 2019-11-20  |y BK  |k HIS 
952 |0 0  |1 0  |2 ddc  |4 0  |6 946_054000000000000_DIA_1955  |7 0  |8 A  |9 334499  |a BIBHIS  |b BIBHIS  |d 2019-11-20  |i 1268406  |o 946.054 DIA 1955  |p 1268406  |r 2025-01-20  |t 2  |w 2019-11-20  |y BK  |k HIS